| 000 | 00787nam a22002417a 4500 | ||
|---|---|---|---|
| 003 | OSt | ||
| 005 | 20260416151235.0 | ||
| 008 | 260413b |||||||| |||| 00| 0 eng d | ||
| 037 | _cThesis | ||
| 040 |
_aFEDL _beng _cFEDL |
||
| 041 |
_aeng _heng |
||
| 082 | _a375 ANK/TH | ||
| 100 |
_aAnkita _91234757 |
||
| 110 | _aUniversity of Delhi. Department of Education | ||
| 245 |
_aCritical appraisal of sociology curriculum and reflective practices in class/ _cAnkita; Supervised by Neera Narang. |
||
| 260 |
_aUniversity of Delhi _c2025 |
||
| 300 | _avi, 136p. | ||
| 650 |
_aCURRICULUM _91234758 |
||
| 650 |
_aCURRICULUM- SOCIOLOGY _91234759 |
||
| 700 |
_aNarang, Neera. Supervisor. _9818526 |
||
| 942 |
_2ddc _cTH _h375 ANK/TH _n0 |
||
| 999 |
_c1848258 _d1848258 |
||